000 01235nam a2200349 a 4500
001 000110076
003 CHAP
005 20220329144117.0
008 140721s2014 mx a |sm |||||||spa|d
010 _a106538
011 _a107510
040 _cCHAP
090 _aTesis
100 1 _aChávez San Agustin, Rodrigo
_9127472
245 1 0 _aEstudio fitoquímico del extracto hexánico de Thalictrum hernandezii Tausch ex. J. Presl
_h[En línea]
_cpor Rodrigo Chávez San Agustin.
260 _aChapingo, Méx. :
_bEl autor,
_c2014.
500 _aPara ver el contenido del material haga clic en la liga
502 _aTesis (Ing. Agr. Esp. en Fitotecnia) -- UACH. Departamento de Fitotecnia
590 _aBATCH-UPD
_b05
_c20141002
_lUCH01
_h0905
590 _aBATCH
_b00
_c20181121
_lUCH01
_h0759
590 _aE792CSJ
_b05
_c20140721
_lUCH01
_h1214
590 _aE792CSJ
_b05
_c20140721
_lUCH01
_h1214
650 1 4 _aAntioxidantes
_96070
650 1 4 _aPlantas
_xAnálisis químico.
_988792
650 1 4 _aQuímica vegetal.
_993602
650 1 4 _aThalictrum hernandezii.
_9127488
856 _a1
_n0001581
856 _aFinding aid
_uhttp://10.13.5.2/tesis/sist110076.pdf
_zTeclea aquí
901 _aBK
942 _cTESIS
942 _n0
999 _c106538
_d106538